Documentos fundamentales de la historia de los Estados Unidos de América. Cap.7: La declaración de independencia, 4 de julio de 1776

Wedi'i Gadw mewn:
Manylion Llyfryddiaeth
Prif Awdur: Morris, Richard B.
Fformat: Texto
Cyhoeddwyd: México D.F.: Editorial Libreros Mexicanos Unidos
Tagiau: Ychwanegu Tag
Dim Tagiau, Byddwch y cyntaf i dagio'r cofnod hwn!

MARC

LEADER 00000 a a2200000 04500
001 24160
003
040
090 |a 170900  
100 |a Morris, Richard B.  
245 |a Documentos fundamentales de la historia de los Estados Unidos de América. Cap.7: La declaración de independencia, 4 de julio de 1776  
260 |a México D.F.:   |b Editorial Libreros Mexicanos Unidos  
300 |a pp. 40-67  
999 |c 11988  |d 11988